Info Visualization for Statistical Data (Record no. 58252)

MARC details
000 -LEADER
fixed length control field 00404nam a2200145Ia 4500
082 ## - DEWEY DECIMAL CLASSIFICATION NUMBER
Classification number R/6IT12
100 ## - MAIN ENTRY--AUTHOR NAME
Personal name Adeel Riaz Memon
100 ## - MAIN ENTRY--AUTHOR NAME
Personal name Roll No. 12BS(IT)57
100 ## - MAIN ENTRY--AUTHOR NAME
Personal name Supervisor - Prof. Dr. Zahid Hussain Abro
245 #0 - TITLE STATEMENT
Title Info Visualization for Statistical Data
260 ## - PUBLICATION, DISTRIBUTION, ETC. (IMPRINT)
Place of publication Nawabshah
Name of publisher QUEST
Year of publication 2016
300 ## - PHYSICAL DESCRIPTION
Number of Pages 88p
700 ## - ADDED ENTRY--PERSONAL NAME
Personal name Umair Ramzan Shaikh (Roll No. 12BS(IT)20)
942 ## - ADDED ENTRY ELEMENTS (KOHA)
Koha item type Thesis and Dissertation
Holdings
Withdrawn status Lost status Home library Current library Date acquired Accession Number Koha item type
    Central Library, QUEST, Nawabshah Research Section 17/04/2018 ITP/11-97 Thesis and Dissertation